Anglo-russkij ekonomičeskij slovar' Okolo 70 000 terminov

Enregistré dans:
Détails bibliographiques
Format: Livre
Langue:russe
Publié: Moskva Russkij jazyk 1981
Édition:1. izd.
Tags: Ajouter un tag
Pas de tags, Soyez le premier à ajouter un tag!

MARC

LEADER 00000nam a2200000 4500
001 c029621
005 20250115115112.1
041 0 |a rus 
044 |a RU 
245 1 0 |a Anglo-russkij ekonomičeskij slovar'  |b Okolo 70 000 terminov  |c Red. A.V. Anikin 
250 |a 1. izd. 
264 1 |a Moskva  |b Russkij jazyk  |c 1981 
300 |a 792 s.